000 00386nam a22001697a 4500
003 NUST
020 _a9780340981962
038 _akhadija
082 _a620.112
_bCAR
100 _aCarlson, David.
_982946
245 _aResistant Materials
260 _aNew York:
_bHoder Education,
_c2012.
300 _a223 p. ;
_b24 cm.
500 _aPaperback.
563 _aPB
942 _cBK
_2ddc
999 _c33380
_d33380